Mathematical model of mechanical parts interconnected electric drives of head and lift in rock digger; Bulletin of the Tomsk Polytechnic University; Vol. 310, № 3
| Parent link: | Bulletin of the Tomsk Polytechnic University/ Tomsk Polytechnic University (TPU).— , 2006-2007 Vol. 310, № 3.— 2007.— [P. 37-40] |
|---|---|
| Autor principal: | |
| Altres autors: | |
| Sumari: | Заглавие с титульного листа Электронная версия печатной публикации The need for development of new approach to modelling lift and head electric drives of quarry digger in the process of digging has been justified. The differences of the mathematical model suggested from the traditional approach are shown. The disadvantages of existing control systems in digger electric drives are revealed, the method of their removing is proposed. |
| Idioma: | anglès |
| Publicat: |
2007
|
| Col·lecció: | Mathematics and mechanics. Physics |
| Matèries: | |
| Accés en línia: | http://www.lib.tpu.ru/fulltext/v/Bulletin_TPU/2007/v310eng/i3/09.pdf |
| Format: | Electrònic Capítol de llibre |
| KOHA link: | https://koha.lib.tpu.ru/cgi-bin/koha/opac-detail.pl?biblionumber=182080 |
MARC
| LEADER | 00000nla2a2200000 4500 | ||
|---|---|---|---|
| 001 | 182080 | ||
| 005 | 20231214105132.0 | ||
| 035 | |a (RuTPU)RU\TPU\book\197363 | ||
| 035 | |a RU\TPU\book\197361 | ||
| 090 | |a 182080 | ||
| 100 | |a 20100616d2007 k y0rusy50 ca | ||
| 101 | 1 | |a eng |c rus | |
| 102 | |a RU | ||
| 135 | |a drnn ---uucaa | ||
| 200 | 1 | |a Mathematical model of mechanical parts interconnected electric drives of head and lift in rock digger |f V. М. Zavyalov, I. Yu. Semykina | |
| 203 | |a Text |c electronic | ||
| 215 | |a 1 файл (342 Кб) | ||
| 225 | 1 | |a Mathematics and mechanics. Physics | |
| 300 | |a Заглавие с титульного листа | ||
| 300 | |a Электронная версия печатной публикации | ||
| 320 | |a [Bibliography: p. 40 (5 titles)] | ||
| 330 | |a The need for development of new approach to modelling lift and head electric drives of quarry digger in the process of digging has been justified. The differences of the mathematical model suggested from the traditional approach are shown. The disadvantages of existing control systems in digger electric drives are revealed, the method of their removing is proposed. | ||
| 337 | |a Adobe Reader | ||
| 461 | 1 | |0 (RuTPU)RU\TPU\book\169973 |t Bulletin of the Tomsk Polytechnic University |f Tomsk Polytechnic University (TPU) |d 2006-2007 | |
| 463 | 1 | |0 (RuTPU)RU\TPU\book\197326 |t Vol. 310, № 3 |v [P. 37-40] |d 2007 |p 101 p. | |
| 610 | 1 | |a mathematical models | |
| 610 | 1 | |a mechanical parts | |
| 610 | 1 | |a head | |
| 610 | 1 | |a lift | |
| 610 | 1 | |a rock digger | |
| 610 | 1 | |a modelling | |
| 610 | 1 | |a digging | |
| 610 | 1 | |a differences | |
| 610 | 1 | |a control systems | |
| 610 | 1 | |a digger electric drives | |
| 610 | 1 | |a электронный ресурс | |
| 675 | |a 621.879.322.017.3:004.942 |v 3 | ||
| 700 | 1 | |a Zavyalov |b V. M. |c specialist in the field of electrical engineering |c Professor of Tomsk Polytechnic University, Doctor of technical sciences |f 1974- |g Valery Mikhailovich |3 (RuTPU)RU\TPU\pers\35746 |9 18903 | |
| 701 | 1 | |a Semykina |b I. Yu. |c specialist in the field of electrical engineering |c Associate Professor of Tomsk Polytechnic University, candidate of technical sciences |f 1984- |g Irina Yurievna |3 (RuTPU)RU\TPU\pers\35747 | |
| 801 | 1 | |a RU |b 63413507 |c 20090623 |g PSBO | |
| 801 | 2 | |a RU |b 63413507 |c 20160219 |g PSBO | |
| 856 | 4 | |u http://www.lib.tpu.ru/fulltext/v/Bulletin_TPU/2007/v310eng/i3/09.pdf | |
| 942 | |c CF | ||